| 000 | 00480nam a2200169Ia 4500 | ||
|---|---|---|---|
| 008 | 240729s9999 xx 000 0 und d | ||
| 022 | _a2164-9561 | ||
| 245 | 0 | _aGlobal Advances in Health and Medicine | |
| 260 | _aUnited States | ||
| 260 | _bSAGE Publishing | ||
| 650 | _a Medicine (General) | Medicine | ||
| 650 | _a Public aspects of medicine | ||
| 650 | _aMedicine | ||
| 856 | _uhttps://doaj.org/toc/c478bc7c651046c8a6fe679adce2d0d7 | ||
| 942 | _2ddc | ||
| 942 | _cDOAJEJ | ||
| 999 |
_c67799 _d67799 |
||
| 945 |
_a1 _bMadushi Gamage _c1 _dMadushi Gamage |
||